NEPAL Commercial Agriculture Development Project. (Record no. 21330)
[ view plain ]
| 000 -LEADER | |
|---|---|
| fixed length control field | 00239nam a22000977a 4500 |
| 040 ## - CATALOGING SOURCE | |
| Transcribing agency | RUA |
| 082 ## - DEWEY DECIMAL CLASSIFICATION NUMBER | |
| Classification number | ADB NOV 2003 C227 Or. |
| 245 ## - TITLE STATEMENT | |
| Title | NEPAL Commercial Agriculture Development Project. |
| 260 ## - PUBLICATION, DISTRIBUTION, ETC. (IMPRINT) | |
| Place of publication | phnom penh |
| Name of publisher | rua |
| Year of publication | 2003 |
| 942 ## - ADDED ENTRY ELEMENTS (KOHA) | |
| Koha item type | ADB |
| 952 ## - LOCATION AND ITEM INFORMATION (KOHA) | |
| Withdrawn status [LOCAL, KOHA] | 0 |
| Permanent Location | Date acquired | Koha item type | Lost status | Shelving location | Barcode | Current Location | Full call number |
|---|---|---|---|---|---|---|---|
| Library Block C | 2023-05-16 | ADB | C227 | a06779 | Library Block C | ADB NOV 2003 C227 Or. |